000 00239nmm a2200085Ia 4500
008 220120s9999||||xx |||||||||||||||||und||
020 _a0-07-052929
100 _aLFY
_910674
245 0 _aJuly 2009: ERP adempiere, post books erp, open bravo ERP,
999 _c139692
_d139692